000 005590000a22001210004500
100 1 _aBianchi, Maly de
245 1 0 _aEl caminante
300 _aVol.3, núm.7 (1994), Páginas 102-105
500 _aMaly de Bianchi es directora de Ministerio Ester. Guatemala.
520 _aJesús, en su ministerio por la tierra, caminó las veredas que el hombre bajo la ley no pudo recorrer. Dios decidió que du Hijos dejara trazado ese camino para que su Iglesia no se perdiera, ni se desviara o hiciera su propio camino.
773 0 _tConquista Cristiana
942 _cANA
999 _c60667
_d60667